| 000 | 00850nam a22001577a 4500 | ||
|---|---|---|---|
| 003 | OSt | ||
| 005 | 20151004160854.0 | ||
| 008 | 151004b xxu||||| |||| 00| 0 eng d | ||
| 040 | _cRUA | ||
| 082 | _aAVM SEN 2004 B074 Or.1 | ||
| 100 |
_92012 _aSENG, BUNDOEUN. |
||
| 245 | _aevaluation of digestibility of local crossbred piglet fed water spinach as basal diet supplemented with different ratio of fish meal (ការវាយតំលៃលើភាពរលាយអាហារបស់ជ្រូកពូជកូនកាត់ក្នុងស្រុក ដែលផ្តល់ត្រកួនជាចំណីមូលដ្ឋានដោយបន្ថែមនូវកំរិតផ្សេងគ្នានៃម្សៅត្រី) | ||
| 260 |
_aPhnom Penh _bRUA _c2004 |
||
| 300 |
_avi, 35p. _bill. _c29cm. |
||
| 942 |
_2ddc _cAVM |
||
| 999 |
_c1901 _d1901 |
||